1174 1797 1866 1985 1599 1930 1305 1693 1785 1840 1375 1602 1530 1375 1067 1659 1280 1246 1596 1637 1323 1310 1618 1844 1917 1822 1950 1165 1650 1505 1927 1960 1620 1352 1436 1410 1555 1388 1723 1577 1916 1930 1822 1346 1635 1189 1015 1768 1354 1851 1108 1549 1982 1837 1169 1343 1812 1950 1368 1105 1146 1565 1442 1798 1453 1586 1910 1225 1072 1595 1476 1326 1211 1922 1572 1583 1321 1881 1481 1560 1326 1496 1281 1127 1784 1596 1661 1548 1199 1452 1497 1489 1183 1581 1047 1599 1287 1610 1816 BCNSPRNW ULIB Ver.6.0+V

เปลี่ยนเป็นภาษาไทย

Change to English
 แสดงรายละเอียดบรรณานุกรม
  กลับหน้าหลัก

Brief Record : Get Marc (ISO 2709) : E-mail record : QR code < ปิดหน้าต่าง
LEADER : 00000nam 2200000uu 4500
001    13399124934
003     ULIB
008    020711s2548 th a 000 0 tha d
020    9789749906200
099    นว.ม111ส
100    คึกฤทธิ์ ปราโมช
245    สี่แผ่นดิน
260     ^bนานมีบุคส์,^c2548
945    ^p695^l0^i023619
รายการนี้ยังไม่มีแท็ก
คุณยังไม่ได้ล็อกอิน คุณสามารถมีกิจกรรมร่วมกับเว็บไซต์ได้ แต่ต้องล็อกอินก่อน ::
  ล็อกอิน

รายการสื่อสารสนเทศ

ลำดับที่ ประเภท เลขเรียก/บาร์โค้ด สถานที่ สถานะ
1. นวนิยาย
นวนิยาย
นว.ม111ส ฉ.1 
  Barcode: 023619
ห้องสมุดวิทยาเขตสวรรค์ประชารักษ์
►นวนิยาย
ถูกยืม กำหนดส่งวันที่ 6 มีนาคม 2567
  จอง

รายการใกล้เคียง
    ชื่อเรื่อง [สี่แผ่นดิน]

BibComment


ยังไม่เคยถูกคอมเมนท์

คอมเมนท์ทรัพยากรรายการนี้
  คอมเมนท์: สี่แผ่นดิน


 Copyright 2026. Bcnsprnw @Library